Estadísticas para Las 20 Palabras españolas más Famosos

Haz click aquí para intentar la prueba.

Estadísticas generales

  • Esta prueba ha sido intentada 536 veces
  • La puntuación promedio es 12 de 20

Estadísticas de respuestas

%Palabra% Correcto
84a
90%
78no
84%
74si, sí
84%
72el, él
82%
74y
82%
76o
81%
70la
74%
58de
65%
55lo
64%
53por
64%
62que, qué
60%
53yo
58%
57mi
56%
64se
55%
47ella
50%
46nos
49%
52me
44%
53un
43%
45como
36%
42ser
26%

Distribución de puntuación

Porcentaje por número respondido

Porcentaje de gente con cada puntuación

Historial de tus puntuaciones

No has intentado esta prueba.